Katalog der Bibliothek der Koniglich Sachsischen Bergakademie Freiberg. I Theil. Alphabetischer Katalog; Nachtrag I zum alphabetischen katalog der Bibliothek der Koniglich Sachsischen Bergakademie Freiberg. Zuwachs von Ende des Jahrs 1879 bis Ende 1892

Dettagli Bibliografici
Lingua:tedesco
Pubblicazione: Freiberg, Druck von Ernst Mauckisch, 1879
Copublished:. Nachtrag I zum alphabetischen katalog der Bibliothek der Koniglich Sachsischen Bergakademie Freiberg. Zuwachs von Ende des Jahrs 1879 bis Ende 1892
Soggetti:
Natura: MixedMaterials Libro
KOHA link:https://koha.lib.tpu.ru/cgi-bin/koha/opac-detail.pl?biblionumber=263632

MARC

LEADER 00000nam0a2200000 4500
001 263632
005 20231031222452.0
035 |a (RuTPU)RU\TPU\book\286620 
090 |a 263632 
100 |a 20140610d1879 m y0rusy50 ca 
101 0 |a ger 
102 |a DE 
105 |a y b 000zy 
200 1 |a Katalog der Bibliothek der Koniglich Sachsischen Bergakademie Freiberg. I Theil. Alphabetischer Katalog 
210 |a Freiberg  |c Druck von Ernst Mauckisch  |d 1879 
215 |a [4], 765 с. 
423 |t Nachtrag I zum alphabetischen katalog der Bibliothek der Koniglich Sachsischen Bergakademie Freiberg. Zuwachs von Ende des Jahrs 1879 bis Ende 1892  |c Freiberg  |n Buchdruckerei und Verlagsanstalt Ernst Mauckisch  |d 1893  |p 159 c. 
541 1 |a Каталог библиотеки Королевской Саксонской горной академии Фрайберга. Часть 1. Алфавитный каталог  |z ger 
610 1 |a алфавитные каталоги 
686 |a Ч736.23  |v LBC/SL-A  |2 rubbk 
801 1 |a RU  |b 63413507  |c 20140610 
801 2 |a RU  |b 63413507  |c 20140610  |g RCR 
942 |c BK